Was the ramayana copied from homer ? : (Record no. 124593)

MARC details
000 -LEADER
fixed length control field 00691nam a22002297a 4500
005 - DATE AND TIME OF LATEST TRANSACTION
control field 20170124105941.0
010 ## - LIBRARY OF CONGRESS CONTROL NUMBER
LC control number 823135
020 ## - INTERNATIONAL STANDARD BOOK NUMBER
Terms of availability 20.00
035 ## - SYSTEM CONTROL NUMBER
System control number 823135
037 ## - SOURCE OF ACQUISITION
Source of stock number/acquisition Cen Lib/Ret
040 ## - CATALOGING SOURCE
Original cataloging agency DPL
Language of cataloging EN
082 ## - DEWEY DECIMAL CLASSIFICATION NUMBER
Classification number 230.1
Edition number TEL
100 ## - MAIN ENTRY--PERSONAL NAME
Personal name Telang, Kashinath Trimbang
9 (RLIN) 11314
245 ## - TITLE STATEMENT
Title Was the ramayana copied from homer ? :
Statement of responsibility, etc by Kashinath Trimbak Telang
Remainder of title relpy to professor weber /
260 ## - PUBLICATION, DISTRIBUTION, ETC. (IMPRINT)
Place of publication, distribution, etc Delhi
Name of publisher, distributor, etc Publishers parlour
Date of publication, distribution, etc 1976
270 ## - ADDRESS
City Delhi
Address A-1/139-B, Lawrence road
Postal code 110035
300 ## - PHYSICAL DESCRIPTION
Extent 70p.
Dimensions 19cm(Hb)
500 ## - GENERAL NOTE
General note Includes appendix
650 ## - SUBJECT ADDED ENTRY--TOPICAL TERM
Topical term or geographic name as entry element Hinduism
Chronological subdivision
9 (RLIN) 11315
650 ## - SUBJECT ADDED ENTRY--TOPICAL TERM
Topical term or geographic name as entry element Ramayana
9 (RLIN) 11316
942 ## - ADDED ENTRY ELEMENTS (KOHA)
Source of classification or shelving scheme Dewey Decimal Classification
Koha item type English Books
Classification part 230.1
Call number suffix TEL
Holdings
Withdrawn status Lost status Damaged status Not for loan Collection code Home library Current library Date acquired Source of acquisition Cost, normal purchase price Total Checkouts Full call number Barcode Date last seen Copy number Cost, replacement price Price effective from Koha item type
      Not For Loan Reference Central Library Central Library 17/06/2015 Cen Lib/Ret 20.00   230.1 TEL 823135 17/06/2015 1 20.00 15/09/2016 English Books

© Delhi Public Library
Hit Counter
free hit counter